000
00486nam a2200157Ia 4500
008
151213s9999 xx 000 0 und d
100
_a
মো: শামছুল হক
245
_a
মেধাভিত্তিক সম্পত্তি আইন
_c
মো: শামছুল হক
250
_a
1st
260
_a
Dhaka
_b
রোমানা হক
_c
2007
300
_a
5117 p.
650
_a
Law
650
_a
Law
700
_a
মো: শামছুল হক
999
_c
3159
_d
3159